Paroles - L'aventurier - Indochine - Statistiques

Statistiques générales
  • Ce quiz a été pris 5 007 fois
  • Le résultat moyen est 123 sur 186
Statistiques - réponses
Réponses % Correct
la
99%
A
96%
à
96%
a
96%
Bob
96%
de
95%
Le
95%
le
95%
Morane
92%
héros
90%
dans
89%
recherche
88%
s'appelle
88%
infernale
83%
L'aventurier
83%
l'aventurier
83%
tout
83%
vallée
83%
contre
82%
guerrier 
82%
guerrier
82%
l'Ombre
82%
Jaune
81%
chacal 
80%
Égaré
79%
des
78%
les
78%
Mister
78%
bandit
77%
au
73%
temps 
72%
tous
72%
crocodiles
69%
Jones
68%
Et
65%
est
64%
justesse
64%
Avec
63%
Sauvé
63%
vrai
63%
En
62%
en
62%
du
61%
vent 
60%
Caraïbes
58%
Terre
58%
l'ami
56%
face
55%
soudain
54%
surgit
54%
Stop
52%
jungle
51%
On
50%
répondra
50%
Bill
49%
Kali
49%
roi
49%
trafic
49%
collier
47%
Il
46%
volé
45%
birmane 
43%
démasqué 
43%
Sultan
43%
L'ennemi
42%
lit
42%
Miss
40%
toujours
40%
Escale
38%
flibustiers 
38%
solitaire 
38%
cœur
37%
Prisonnière
36%
Clark 
34%
s'en
34%
tendre
34%
l'opération
33%
Son
33%
sortira
33%
Tel
32%
terreur
32%
Emprisonnant
31%
pleine
31%
Soleil 
31%
Ballantine
30%
Isolé
30%
l'Archipel 
28%
Samouraï
27%
L'aventure
26%
Jarawak 
25%
bord
24%
gang
23%
parfum
23%
surnom
23%
Doc
22%
Civa 
18%
démantelant
18%
Dérivant
18%
guerriers
16%
Maharadjah
16%
Manicouagan 
15%
L'otage
14%
Nadawieb
13%
sampang 
11%
d'Ylalang 
10%
Xhatan 
8%
Aucun quiz correspondant
Distribution des résultats
% des personnes avec chaque résultat
Percentile par nombre de réponses
Votre historique - résultats
Vous n’avez pas pris ce quiz